Normal view
MARC view
- Khan, Moizuddin
Entry Personal Name
001 - CONTROL NUMBER
- control field: 130294
003 - CONTROL NUMBER IDENTIFIER
- control field: NUST
005 - DATE AND TIME OF LATEST TRANSACTION
- control field: 20250818115642.0
008 - FIXED-LENGTH DATA ELEMENTS
- fixed length control field: 250818|| aca||aabn | a|a d
040 ## - CATALOGING SOURCE
- Original cataloging agency: NUST
- Transcribing agency: NUST
100 ## - HEADING--PERSONAL NAME
- Personal name: Khan, Moizuddin
670 ## - SOURCE DATA FOUND
- Source citation: Work cat.: (NUST): Ahmad, Bashir 28792, University mathematics: , 2022
